000 00852nam a2200241 a 4500
001 47765
003 BD-RjUL
005 20211209054405.0
008 160810b20061948b ||||| |||| 00| 0 eng d
020 _a817522228X(V.7)
020 _a817522021X(Set)
035 _a(BD-RjUL)47884
040 _aBD-RjUL
_bben
_cBD-RjUL
041 _aben
082 _223
_a781.1
_bTAF 2006
100 1 _aঠাকুর, রবীন্দ্রনাথ
_9145031
245 1 _aফাল্গুনি /
_cরবীন্দ্রনাথ ঠাকুর
260 _aকলকাতা :
_bবিশ্বভারতী গ্রন্থবিভাগ ,
_c২০০৬ .
300 _a২০৪ পৃ ;
_c২৪ সেমি।
650 _aসঙ্গীত মূলনীতি
_9118883
650 _aBasic Principles of Music
_9145058
942 _2ddc
_cBK
999 _c47765
_d47765